Il conto di mio padre /

Guardat en:
Dades bibliogràfiques
Autor principal: Cooper, Bernard (Autor)
Altres autors: Caddia, Luca
Format: Llibre
Idioma:italià
Publicat: Roma : Playground, [2008]
Etiquetes: Afegir etiqueta
Sense etiquetes, Sigues el primer a etiquetar aquest registre!

MARC

LEADER 00000nam a22000007i 4500
001 IT\ICCU\TO0\1690182
003 ItRI
005 20260115232150.0
008 081211s2008 it |||||| ||||| |||||c
020 |a 9788889113394 
040 |b ita  |c importazione bologna sebina 
041 7 |a ita  |2 ISO-639-2 
082 |a 813.54  |9 NARRATIVA AMERICANA IN LINGUA INGLESE. 1945-  |2 19 
100 1 |a Cooper, Bernard  |0 IT\ICCU\UBOV\818285  |4 aut 
240 1 4 |a The bill from my father : a memoir.  |3 IT\ICCU\RAV\1798062  |9 Cooper, Bernard 
245 1 3 |a Il conto di mio padre /  |c Bernard Cooper ; traduzione di Luca Caddia. 
260 |a Roma :  |b Playground,  |c [2008] 
300 |a 245 p. ;  |c 20 cm. 
700 1 |a Caddia, Luca  |0 IT\ICCU\TO0V\618636 
942 |2 ddc  |c BK  |n 0 
952 |0 0  |1 0  |4 0  |6 DOC_813_600000000000000_COO  |7 0  |9 21275  |a BO  |b BO  |d 2026-01-15  |i 12953  |l 0  |o DOC 813.6 COO  |p BO12953  |r 2026-01-15 23:21:50  |w 2026-01-15  |x [Sebina 5] [1 v.]  |y BK  |z 1 v. 
999 |c 18176  |d 18176